| 000 | 00386nam a2200133 a 4500 | ||
|---|---|---|---|
| 082 |
_a621.3193 _bSTA _cL-11, P-12 |
||
| 100 | 1 |
_aStafford harry E _941473 |
|
| 245 | _aTroubles of Electrical Equipment | ||
| 260 |
_aNew Youk: _bMc Graw Hill Books , _c1947 |
||
| 300 | _axi, 455 p. | ||
| 526 |
_a0 _b0 _c0 _d621_319300000000000_STA |
||
| 650 | 0 |
_aElectric Engineering _941136 |
|
| 942 |
_2ddc _cBK |
||
| 999 |
_c545574 _d545574 |
||